Normal view MARC view

Entry Personal Name

Number of records used in: 1

001 - CONTROL NUMBER

  • control field: 164758

003 - CONTROL NUMBER IDENTIFIER

  • control field: OSt

005 - DATE AND TIME OF LATEST TRANSACTION

  • control field: 20220923220858.0

008 - FIXED-LENGTH DATA ELEMENTS

  • fixed length control field: 220923|| aca||aabn | a|a d

040 ## - CATALOGING SOURCE

  • Original cataloging agency: OSt
  • Transcribing agency: OSt

100 ## - HEADING--PERSONAL NAME

  • Personal name: ओक, पुरूषोत्तम नागेश; भट्ट, जगमोहन राव

670 ## - SOURCE DATA FOUND

  • Source citation: Work cat.: (OSt)344468: ओक, पुरूषोत्तम नागेश; भट्ट, जगमोहन राव, भारतीय इतिहास की भंयकर भूलें, 1969
Copyright @ Delhi University Library System